Stavebné sporenie pre občanov od 1. januára 2003
Od 1.1.2003 je platná novela zákona o stavebnom sporení č. 677/2002 Z.z. Kto môže byť stavebným sporiteľom a čo je stavebné sporenie. Povinnosť sporiteľní. Povinné obsahové náležitosti zmluvy o stavebnom sporení. Štátna prémia. Za čo zodpovedá stavebná sporiteľňa.
Guardado en:
| Autor principal: | |
|---|---|
| Formato: | Capítulo de libro |
| Lenguaje: | eslovaco |
| Materias: | |
| Etiquetas: |
Sin Etiquetas, Sea el primero en etiquetar este registro!
|
MARC
| LEADER | 00000naa a2200000 4500 | ||
|---|---|---|---|
| 001 | r047609 | ||
| 005 | 20230925123152.8 | ||
| 041 | 0 | |a slo | |
| 044 | |a SK | ||
| 245 | 1 | 0 | |a Stavebné sporenie pre občanov od 1. januára 2003 |c Alena Pauličková |
| 520 | |a Od 1.1.2003 je platná novela zákona o stavebnom sporení č. 677/2002 Z.z. Kto môže byť stavebným sporiteľom a čo je stavebné sporenie. Povinnosť sporiteľní. Povinné obsahové náležitosti zmluvy o stavebnom sporení. Štátna prémia. Za čo zodpovedá stavebná sporiteľňa. | ||
| 610 | 2 | 0 | |a sporenie stavebné |
| 610 | 2 | 0 | |a sporiteľne stavebné |
| 610 | 2 | 0 | |a prémie cieľové |
| 610 | 2 | 0 | |a úpravy právne |
| 610 | 2 | 0 | |a novelizácia |
| 100 | 1 | |a Pauličková, Alena | |